000 00227nam a2200085Ia 4500
245 0 _aLeef lank en gesond
100 _a SERFONTEIN, W. J. Kaapstad, 2003
_989504
942 _cBK
008 210817s9999 xx 000 0 und d
999 _c360104
_d360103